Modern Industrial Electronics. (Record no. 3165)

MARC details
005 - DATE AND TIME OF LATEST TRANSACTION
control field 20250623092828.0
020 ## - INTERNATIONAL STANDARD BOOK NUMBER
International Standard Book Number 0-13-048741-4
082 ## - DEWEY DECIMAL CLASSIFICATION NUMBER
Classification number TEA LM 629.89 MAL
100 ## - MAIN ENTRY--PERSONAL NAME
Author name MALONEY, T. J.
245 ## - TITLE STATEMENT
Title Modern Industrial Electronics.
250 ## - EDITION STATEMENT
Edition statement 5th Ed.
260 ## - PUBLICATION, DISTRIBUTION, ETC.
Place of publication, distribution, etc. Columbus,
Name of publisher, distributor, etc. Prentice-Hall,
Date of publication, distribution, etc. 2004.
300 ## - PHYSICAL DESCRIPTION
Extent xix, 972p.: ill.; figure, picture, table.
Other physical details Glossary & Index.
Dimensions 26cm.
942 ## - ADDED ENTRY ELEMENTS (KOHA)
Source of classification or shelving scheme Dewey Decimal Classification
Koha item type Books
Holdings
Date last seen Total checkouts Full call number Barcode Cost, replacement price Price effective from Koha item type Lost status Source of classification or shelving scheme Damaged status Not for loan Withdrawn status Home library Current library Shelving location Date acquired Cost, normal purchase price
06/05/2025   TEA LM 629.89 MAL 00000011099 539337.00 06/05/2025 Books   Dewey Decimal Classification       College of Business Education Main Library College of Business Education Main Library General Collection 04/22/2005 179779.00
06/05/2025   TEA LM 629.89 MAL 00000011100 539337.00 06/05/2025 Books   Dewey Decimal Classification       College of Business Education Main Library College of Business Education Main Library General Collection 04/22/2005 179779.00